00549 2200205 4500001002100000005001800021008004100039020001800080035002400098090002100122100002100143245003200164250001100196260003100207300004700238650001500285700001300300850001500313999001500328YOGYA-0111000000149420110129075433356 ind  a979-413-234-9 0010-011100000001494 aDEP 232.99 SET S aSETIAWATI, Maria aSanto Fransiskus dari Asisi aCet .1 aYogyakartabkanisiusc1990 a36 hlm.: ilus.; 28.--( seri orang kudus 6) aOrang suci ataufan S aYOPDYOG[B] ad000014465